29 najpopularniejsze ptaki polskie - Statystyki

Ogólne statystyki
  • Ten quiz został rozwiązany 105 razy
  • Średni wynik to 17 z 29
Statystyki odpowiedzi
Odpowiedź % Poprawnych
Bocian
93%
Wróbel
92%
Wrona
87%
Gil
85%
Kruk
82%
Kaczka
74%
Sikorka
72%
Orzeł
68%
Czapla
67%
Mewa
67%
Kos
66%
Dzięcioł
64%
Jastrząb
64%
Sroka
64%
Jaskółka
58%
Żuraw
55%
Sójka
55%
Kawka
53%
Gawron
49%
Szpak
49%
Skowronek
46%
Zięba
39%
Myszołów
36%
Słowik
35%
Drozd
34%
Pliszka
31%
Puszczyk
31%
Pustułka
24%
Rudzik
24%
Nie znaleziono quizów pasujących do podanych kryteriów
Rozkład punktacji
Procent ludzi z każdym wynikiem
Percentyl według liczby udzielonych odpowiedzi
Twoja historia wyników
Nie rozwiązałeś tego quizu